000 00991nam a2200265 i 4500
001 106796
003 ES-MaACL
005 20230906184250.0
007 t|
008 061226s1971 sp a ||||1| spa d
080 _a75.036(460)(083.82)
080 _a73.036(460)(083.82)
111 2 _aPremio Ateneo de Madrid (
_d1971)
_9926
245 1 0 _aPremio Ateneo de Madrid 1971, Sala Joven
_b: [exposición, Ateneo de Madrid, Sala Joven - Prado, 21, temporada 1970-1971].
260 _a[Madrid] :
_bPublicaciones Españolas,
_c[1971]
300 _a1 h. pleg. (6 p.) :
_bil. ;
_c20 cm.
610 2 4 _aAteneo de Madrid-
_vExposiciones-
_y1970-1979.
_91921
650 1 4 _aPintura española-
_yS.XX-
_vExposiciones.
_916043
650 4 _aEscultura española-
_yS.XX-
_vExposiciones.
_912438
655 7 _2tgfbne
_9193628
_aCatálogos de exposiciones
710 2 _aAteneo de Madrid.
_bSala Joven (Prado, 21)
_91966
852 _aES-MaACL
_j2211-F-39
942 _2udc
999 _c106796
_d106796